El espectro de René Magritte.
में बचाया:
| मुख्य लेखक: | |
|---|---|
| अन्य लेखक: | , |
| स्वरूप: | अज्ञात |
| प्रकाशित: |
Santiago, Chile:
Mandrágora Ediciones,
2013.
|
| संस्करण: | Primera reedición de la original. |
| श्रृंखला: | Colección Surrealista.
|
| विषय: | |
| टैग: |
टैग जोड़ें
कोई टैग नहीं, इस रिकॉर्ड को टैग करने वाले पहले व्यक्ति बनें!
|
MARC
| LEADER | 00000 a2200000 4500 | ||
|---|---|---|---|
| 003 | CL-VaPUC | ||
| 005 | 20230726105941.0 | ||
| 008 | 230718t2013 ||||| |||| 00| 0 eng d | ||
| 999 | |c 441172 |d 441170 | ||
| 020 | |a 978-956-9114-09-0 | ||
| 040 | |c Pontificia Universidad Católica de Valparaíso | ||
| 082 | 7 | |a Ch861 GOM 2013 |2 22 | |
| 100 | |a Gómez Correa, Enrique |9 376802 |d 1915-1995 |e autor | ||
| 245 | 1 | 3 | |a El espectro de René Magritte. |
| 250 | |a Primera reedición de la original. |b La edición original de este libro fue impresa por Editorial Tegualda en Santiago de Chile, en 1948. | ||
| 260 | |a Santiago, Chile: |b Mandrágora Ediciones, |c 2013. | ||
| 300 | |a 41 páginas; |b ilustraciones. | ||
| 490 | |a Colección Surrealista. | ||
| 500 | |a Ilustraciones del pintor. Esta edición de El Espectro de René Magritte, de Enrique Gómez-Correa, se realizó respetando la maquetación y tipografías de la edición original. El formato (mucho más grande), portada y hojas de guarda son versiones propias de esta reedición, que se terminó de imprimir en los talleres de Gráfica Lom, en Febrero de 2013, y es parte de la Colección Surrealista de Mandrágora Ediciones . | ||
| 583 | |k GC |c 20230718 | ||
| 650 | 0 | |a Poesías chilenas |9 265280 | |
| 700 | |a Magritte, René, |9 478664 |d 1898-1967 |e ilustrador | ||
| 700 | |a Mendoza, Marcelo |e edición |e prólogo |9 883788 | ||
| 942 | |2 ddc |c BK | ||
| 952 | |0 0 |1 0 |2 ddc |4 0 |6 CH_861_000000000000000_GOM_2013 |7 0 |8 A |9 590810 |a BIBEDU |b BIBEDU |c GEN |d 2023-07-10 |e 3 |g 8431.50 |i 5658001 |o Ch861 GOM 2013 |p 5658001 |r 2023-07-10 |t 2 |v 8431.50 |w 2023-07-10 |y BK |k LIT | ||
| 952 | |0 0 |1 0 |2 ddc |4 0 |6 CH_861_000000000000000_GOM_2013 |7 0 |8 A |9 590811 |a BIBEDU |b BIBEDU |c GEN |d 2023-07-10 |e 3 |g 8431.50 |i 5658000 |o Ch861 GOM 2013 |p 5658000 |r 2023-07-10 |t 1 |v 8431.50 |w 2023-07-10 |y BK |k LIT | ||